000 00510nam a2200193 a 4500
001 12031
003 CO-ViMGA
008 141112s2004 ck r 000 u spa d
020 _a9684098979
040 _aCO-ViMGA
_bspa
_cCO-ViMGA
082 0 4 _a658 P673c
100 1 _aPoteet, Howard
_916989
245 1 0 _aComo empezar su propio negocio
260 _aMexico :
_bEdamex,
_c1991
300 _a260p
650 1 4 _aADMINISTRACION Y MERCADOTECNIA
_916990
650 1 4 _aCREACION DE EMPRESAS
_916991
942 _2ddc
_cBK
999 _c23084
_d23084